MIR: Management International Review

Detaylı Bibliyografya
Materyal Türü: Elektronik Dergi
Dil:English
Baskı/Yayın Bilgisi: Springer
Konular:
Online Erişim:Full text available on JSTOR[1990-03-01 - 2019-01-01]
Off-campus access
LEADER 01035cas a2200217 a 4500
001 AALejournalJSTOR001713
008 230228c9999 xx r poo 0 0eng d
022 |a 0938-8249 
022 |a 1861-8901 
040 |a BD-DhAAL  |c BD-DhAAL 
245 0 0 |h [electronic resource]  |a MIR: Management International Review 
260 |b Springer 
300 |a 1 online resource 
362 0 |a Vol. 30,  |a no. 1 
500 |a <strong>Off-Campus Access:</strong> Athens ID and Password Required 
500 |a <strong>On-Campus Access:</strong> No User ID or Password Required 
506 |a Electronic access restricted to authorized BRAC University faculty, staff and students 
538 |a Mode of access: Internet 
650 4 |a Business ; Business & Economics ; Economics ; Management & Organizational Behavior 
856 4 0 |z Full text available on JSTOR[1990-03-01 - 2019-01-01]  |u https://www.jstor.org/journal/mirmanaintrev 
856 4 0 |z Off-campus access  |u https://go.openathens.net/redirector/bracu.ac.bd?url=https%3A%2F%2Fwww.jstor.org%2Fjournal%2Fmirmanaintrev